Warszawska SKM-ka linia S2 (przystanki) - Statystyki

Ogólne statystyki
  • Ten quiz został rozwiązany 99 razy
  • Średni wynik to 8 z 16
Statystyki odpowiedzi
Numer przystanku Nazwa przystanku % Poprawnych
1. Sulejówek Miłosna
99%
2. Sulejówek
90%
8. W-wa Powiśle
45%
7. W-wa Stadion
45%
4. W-wa Wesoła
45%
6. W-wa Wschodnia
45%
10. W-wa Ochota
43%
5. W-wa Rembertów
43%
9. W-wa Śródmieście
43%
3. W-wa Wola Grzybowska
43%
11. W-wa Zachodnia
43%
12. W-wa Aleje Jerozolimskie
41%
16. W-wa Lotnisko Chopina
41%
13. W-wa Rakowiec
39%
15. W-wa Służewiec
39%
14. W-wa Żwirki I Wigury
35%
Nie znaleziono quizów pasujących do podanych kryteriów
Rozkład punktacji
Procent ludzi z każdym wynikiem
Percentyl według liczby udzielonych odpowiedzi
Twoja historia wyników
Nie rozwiązałeś tego quizu